Statistiques concernant Toutes les communes de la Haute-Savoie sur une carte

Cliquez ici pour prendre le quiz!

Statistiques générales

  • Ce quiz a été pris 106 fois
  • Le résultat moyen est 43 sur 279

Réponses sur la Carte

Les réponses sont colorées sur une échelle allant du rouge au vert en fonction du pourcentage des utilisateurs qui les ont devinées à leur premier essai. Vous pouvez retrouver ces pourcentages ci-dessous.
 

Statistiques - réponses

PopulationRéponse% Correct
131 715Annecy
100%
37 027Thonon-les-Bains
89%
8 642Chamonix-Mont-Blanc
84%
37 918Annemasse
80%
9 214Évian-les-Bains
80%
15 840Saint-Julien-en-Genevois
68%
937Ville-en-Sallaz
68%
17 164Cluses
66%
9 169Ville-la-Grand
66%
2 961Megève
63%
3 269Bonne
59%
17 133Sallanches
59%
5 602Saint-Gervais-les-Bains
55%
15 998Rumilly
52%
1 596Saint-Jean-d'Aulps
52%
1 486Saint-Jean-de-Sixt
52%
1 107Saint-Jean-de-Tholome
52%
2 660Morzine
50%
11 263La Roche-sur-Foron
48%
7 591Saint-Pierre-en-Faucigny
48%
1 701La Clusaz
46%
12 895Bonneville
45%
6 600Thônes
45%
11 068Passy
41%
738Sixt-Fer-à-Cheval
41%
1 068Yvoire
39%
1 488Abondance
34%
2 095Combloux
34%
10 175Gaillard
34%
698Marigny-Saint-Marcel
34%
1 885Menthon-Saint-Bernard
34%
2 068Le Grand-Bornand
32%
2 665Alby-sur-Chéran
30%
8 454Epagny Metz-Tessy
30%
2 560Saint-Paul-en-Chablais
30%
4 600Viuz-en-Sallaz
30%
5 907Bons-en-Chablais
29%
115La Chapelle-Saint-Maurice
29%
3 353Les Houches
29%
1 267Praz-sur-Arly
29%
3 465Taninges
29%
2 315Contamine-sur-Arve
27%
2 286Samoëns
27%
1 926Talloires-Montmin
27%
1 827Glières-Val-de-Borne
25%
835Jonzier-Épagny
25%
5 167La Balme-de-Sillingy
25%
452La Balme-de-Thuy
25%
891La Chapelle-d'Abondance
25%
254La Chapelle-Rambaud
25%
1 223Les Gets
25%
1 304Viuz-la-Chiésaz
25%
1 193Châtel
23%
4 723Cruseilles
23%
2 049Frangy
23%
8 170Reignier-Ésery
23%
841Saint-Laurent
23%
4 156Sevrier
23%
741Contamine-Sarzin
21%
6 738Douvaine
21%
8 773Poisy
21%
593Saint-André-de-Boëge
21%
2 297Veyrier-du-Lac
21%
1 891Boëge
20%
7 182Cranves-Sales
20%
7 581Faverges-Seythenex
20%
1 093Les Contamines-Montjoie
20%
639Saint-Germain-sur-Rhône
20%
9 059Scionzier
20%
2 342Seyssel
20%
5 453Sillingy
20%
409Vallorcine
20%
2 176Allonzier-la-Caille
18%
6 166Ambilly
18%
995Andilly
18%
3 919Collonges-sous-Salève
18%
6 287Saint-Jorioz
18%
2 619Étrembières
16%
3 537Fillinges
16%
3 990Groisy
16%
3 251Magland
16%
895Saint-Gingolph
16%
1 797Arâches-la-Frasse
14%
1 428Bernex
14%
1 044Duingt
14%
1 279Excenevex
14%
1 062Habère-Lullin
14%
1 105Les Villards-sur-Thônes
14%
1 003Manigod
14%
669Morillon
14%
3 714Saint-Cergues
14%
2 431Saint-Félix
14%
1 082Servoz
14%
6 379Thyez
14%
4 916Valleiry
14%
2 618Vallières-sur-Fer
14%
623Villy-le-Bouveret
14%
996Villy-le-Peloux
14%
5 635Viry
14%
2 542Archamps
13%
1 214Châtillon-sur-Cluses
13%
425Clermont
13%
977Cordon
13%
806Demi-Quartier
13%
756Dingy-en-Vuache
13%
1 452Dingy-Saint-Clair
13%
3 626Doussard
13%
5 827Marnaz
13%
7 646Publier
13%
1 247Quintal
13%
3 431Saint-Jeoire
13%
954Villard
13%
1 113Alex
11%
2 779Amancy
11%
3 600Argonay
11%
3 063Beaumont
11%
1 334Bellevaux
11%
2 913Chavanod
11%
2 941Chens-sur-Léman
11%
1 701Choisy
11%
2 308Domancy
11%
1 481Habère-Poche
11%
629Juvigny
11%
226La Forclaz
11%
553Le Reposoir
11%
800Lullin
11%
1 102Machilly
11%
1902Marin
11%
1 508Maxilly-sur-Léman
11%
2 486Mieussy
11%
794Montagny-les-Lanches
11%
470Nancy-sur-Cluses
11%
2 251Neydens
11%
6 351Sciez
11%
817Thollon-les-Mémises
11%
1 050Vaulx
11%
9 874Vétraz-Monthoux
11%
3 468Villaz
11%
4 853Allinges
9%
1 118Bogève
9%
1 134Cernex
9%
527Chaumont
9%
509Chêne-en-Semine
9%
1 816Feigères
9%
1 503Gruffy
9%
1 034Hauteville-sur-Fier
9%
483La Rivière-Enverse
9%
1 272Lovagny
9%
2 513Lugrin
9%
2 249Margencel
9%
6 401Marignier
9%
1 267Onnion
9%
3 170Pers-Jussy
9%
2 327Anthy-sur-Léman
7%
1 915Arenthon
7%
1 657Arthaz-Pont-Notre-Dame
7%
736Chainaz-les-Frasses
7%
965Chapeiry
7%
1 577Chilly
7%
1 611Cuvat
7%
931Éloise
7%
2 034Etaux
7%
1 587Larringes
7%
1 756Lyaud
7%
1 058Marcellaz
7%
1 957Marcellaz-Albanais
7%
1 616Massongy
7%
312Meillerie
7%
1 103Menthonnex-en-Bornes
7%
759Menthonnex-sous-Clermont
7%
2 332Monnetier-Mornex
7%
1 650Mont-Saxonnex
7%
968Moye
7%
894Mûres
7%
1 645Nangy
7%
1 002Nâves-Parmelan
7%
3 192Neuvecelle
7%
51Novel
7%
1 878Perrignier
7%
1 007Saint-Sixt
7%
600Saint-Sylvestre
7%
500Saxel
7%
885Vacheresse
7%
4 005Veigy-Foncenex
7%
947Vers
7%
1 579Vougy
7%
1 650Vulbens
7%
408Allèves
5%
1 477Ballaison
5%
387Bluffy
5%
512Boussy
5%
725Cercier
5%
1 154Champanges
5%
1 524Charvonnex
5%
693Chevenoz
5%
677Chevrier
5%
1 046Clarafond-Arcine
5%
1 849Cusy
5%
513Essert-Romand
5%
644Faucigny
5%
1 050Fessy
5%
9 547Fillière
5%
967Héry-sur-Alby
5%
1 320La Tour
5%
289Leschaux
5%
694Les Clefs
5%
1 687Loisin
5%
1 600Lucinges
5%
863Massingy
5%
593Mégevette
5%
2 271Messery
5%
950Montriond
5%
411Nernier
5%
1 063Présilly
5%
372Saint-Blaise
5%
890Saint-Ferréol
5%
628Saint-Sigismond
5%
2 210Sales
5%
820Sallenôves
5%
1 020Savigny
5%
532Seytroux
5%
1 157Thusy
5%
914Vailly
5%
780Verchaix
5%
871Vinzier
5%
1 139Arbusigny
4%
1 441Armoy
4%
2 274Ayse
4%
579Bloye
4%
283Bonnevaux
4%
473Brizon
4%
1 428Cornier
4%
321Crempigny-Bonneguête
4%
204Entrevernes
4%
1 491Féternes
4%
321La Baume
4%
357La Côte-d'Arbroz
4%
1 057La Muraz
4%
1 048Lathuile
4%
306La Vernaz
4%
639Le Biot
4%
249Le Bouchet-Mont-Charvin
4%
573Lornay
4%
703Lully
4%
419Musièges
4%
730Nonglard
4%
1 067Orcier
4%
1 363Peillonnex
4%
629Saint-Eusèbe
4%
484Saint-Eustache
4%
422Usinens
4%
642Versonnex
4%
979Bossey
2%
1 109Brenthonne
2%
683Burdignin
2%
568Challonges
2%
244Chavannaz
2%
799Chênex
2%
232Chessenaz
2%
189Chevaline
2%
1268Copponex
2%
765Desingy
2%
930Étercy
2%
447Le Sappey
2%
1 052Marlioz
2%
802Mésigny
2%
1 051Minzier
2%
500Reyvroz
2%
732Serraval
2%
1 390Val de Chaise
2%
339Vanzy
2%
555Vovray-en-Bornes
2%
407Bassy
0%
1 248Cervens
0%
885Draillant
0%
151Droisy
0%
543Franclens
0%
554Giez
0%
1 182Scientrier
0%

Distribution des résultats

Percentile par nombre de réponses

% des personnes avec chaque résultat

Votre développement - résultats

Vous n’avez pas pris ce quiz